El reino de los murmullos / (Registro nro. 6445)

Detalles MARC
000 -LEADER
fixed length control field 01761nam a22002777a 4500
003 - CONTROL NUMBER IDENTIFIER
control field OSt
005 - DATE AND TIME OF LATEST TRANSACTION
control field 20250416083127.0
008 - FIXED-LENGTH DATA ELEMENTS--GENERAL INFORMATION
fixed length control field 200207s2013 ag |||er|||| 00| fdspa d
020 ## - INTERNATIONAL STANDARD BOOK NUMBER
International Standard Book Number 9789876701624
040 ## - CATALOGING SOURCE
Original cataloging agency CO-JMCR
Transcribing agency CO-JMCR
041 1# - LANGUAGE CODE
Language code of text/sound track or separate title spa
Language code of original fre
082 ## - DEWEY DECIMAL CLASSIFICATION NUMBER
Classification number A-N
Item number MARr
100 1# - MAIN ENTRY--PERSONAL NAME
Personal name Martinez, Carole,
Relator term autora
9 (RLIN) 243
245 13 - TITLE STATEMENT
Title El reino de los murmullos /
Statement of responsibility, etc. Carole Martinez ; traducción de Javier Albiñana
250 ## - EDITION STATEMENT
Edition statement 1a. edición
260 ## - PUBLICATION, DISTRIBUTION, ETC.
Place of publication, distribution, etc. Bueno Aires :
Name of publisher, distributor, etc. Tusquets Editores,
Date of publication, distribution, etc. 2013
300 ## - PHYSICAL DESCRIPTION
Extent 229 páginas ;
Dimensions 21 cm.
490 0# - SERIES STATEMENT
Series statement Colección andanzas ;
Volume/sequential designation 804
500 ## - GENERAL NOTE
General note Incluye datos biográficos de la autora en la solapa
500 ## - GENERAL NOTE
General note Título original: Du domaine des murmures
520 ## - SUMMARY, ETC.
Summary, etc. En la convulsa época de los señores feudales, la joven Esclarmonde se niega a pronunciar, ante los escandalizados asistentes a su boda, el "sí" al apuesto Lothaire: quiere que se respeten sus deseos de ofrecerse a Dios, contra la voluntad de su padre, el señor que reina en Los Murmullos. La joven pide que la encierren en una celda adjunta a la capilla del castillo, sin otra abertura que un ventano con barrotes. Pero, lejos de alcanzar la soledad a la que aspira, Esclarmonde no sólo participa de todo cuanto la rodea, sino que está al corriente de los que ocurre más allá del feudo. Logra así imponerse a su padre, un hombre con pecado inconfesable a quien Esclarmonde insta a que acuda a la cruzada que Federico I Barbarroja ha emprendido para liberar Tierra Santa. Y vivirá casi en carne propia, gracias a un extraño prodigio, las vicisitudes de esa trepidante epopeya.
546 ## - LANGUAGE NOTE
Language note Traducido del francés
650 14 - SUBJECT ADDED ENTRY--TOPICAL TERM
Topical term or geographic name entry element Novela francesa
9 (RLIN) 28
700 1# - ADDED ENTRY--PERSONAL NAME
Personal name Albiñana, Javier,
Relator term traductor
9 (RLIN) 244
942 ## - ADDED ENTRY ELEMENTS (KOHA)
Source of classification or shelving scheme Dewey Decimal Classification
Koha item type Books
Existencias
Withdrawn status Lost status Source of classification or shelving scheme Damaged status Not for loan Home library Current library Date acquired Source of acquisition Total Checkouts Full call number Barcode Date last seen Copy number Price effective from Koha item type
    Dewey Decimal Classification     Biblioteca Pública José María del Castillo y Rada Biblioteca Pública José María del Castillo y Rada 02/07/2020 Donación   A-N MARr 201809682 02/07/2020 Ej.1 02/07/2020 Books
    Dewey Decimal Classification     Biblioteca Pública José María del Castillo y Rada Biblioteca Pública José María del Castillo y Rada 04/16/2025     A-N MARr   04/16/2025   04/16/2025 Books